000 00467nam a2200169Ia 4500
005 20250326125358.0
008 250326s9999 xx 000 0 und d
037 _aTextbook
040 _aFMSL
_beng
_cFMSL
041 _aeng
_2eng
084 _aX9W L6
_qFMSL
245 0 _aPublic enterprises in the national economy
260 _aNew Delhi
_bNew Delhi, Standing Conference
_c1976
300 _a199p
942 _cTB
_hX9W L6
999 _c1277777
_d1277777